| 000 | 00464nam a2200169Ia 4500 | ||
|---|---|---|---|
| 003 | GCL | ||
| 008 | 140319s9999 xx 000 0 ara d | ||
| 040 |
_aGCL / _cGCL |
||
| 082 | 0 | 4 |
_a791.43 _bس ف |
| 100 | 1 | _aسعدالدين توفيق | |
| 245 | 1 | 0 |
_aفنان الشعب صلاح ابو سيف / _cسعدالدين توفيق |
| 300 | _a292 ص | ||
| 490 | _a | ||
| 650 | 0 | 4 | _aصلاح ابو سيف |
| 650 | 0 | 4 | _aالسينما - تراجم |
| 942 |
_2ddc _cBK |
||
| 999 |
_c39989 _d39989 |
||